Normal view MARC view

Entry Nombre personal

Number of records used in: 1

001 - NÚMERO DE CONTROL

  • campo de control: 1098

003 - IDENTIFICADOR DE NÚMERO DE CONTROL

  • campo de control: DLC

005 - FECHA Y HORA DE LA ÚLTIMA TRANSACCIÓN

  • campo de control: 20260423140512.0

008 - ELEMENTOS DE DATO DE LONGITUD-FIJA

  • campo de control de longitud fija: 210701n|eazannaabn |a aaa c

010 ## - NÚMERO DE CONTROL DE LA BIBLIOTECA DEL CONGRESO

  • Número de control de LC: ns2021001445

035 ## - NÚMERO DE CONTROL DEL SISTEMA

  • Número de control de sistema: (CaEvSKY)skya12563679

040 ## - FUENTE DE CATALOGACIÓN

  • Centro catalogador/agencia de origen: MX-SnUAN
  • Lengua de catalogación: eng
  • Normas de descripción: rda
  • Centro/agencia transcriptor: MX-SnUAN

046 ## - FECHAS CON CODIFICACIÓN ESPECIAL

  • Fecha de nacimiento: 1942
  • Fecha de la muerte: 2006
  • Fuente del esquema de fecha: edtf

100 1# - ENCABEZAMIENTO-NOMBRE DE PERSONA

  • Nombre de persona: Devalle de Rendo, Alicia,
  • Fechas asociadas al nombre: 1942-2006

372 ## - CAMPO DE ACTIVIDAD

  • Campo de actividad: Education
  • Campo de actividad: Psychology
  • Fuente del término: lcsh

373 ## - GRUPO ASOCIADO

  • Grupo asociado: Universidad de Buenos Aires
  • Fuente del término: naf

374 ## - OCUPACIÓN

  • Ocupación: Educators
  • Ocupación: Psychologists
  • Ocupación: College teachers
  • Fuente del término: lcsh

375 ## - GÉNERO/SEXO

  • Género: Females
  • Fuente del término: lcdgt

377 ## - IDIOMA ASOCIADO

  • Código del idioma: spa

400 1# - TRAZADO DE VÉASE--NOMBRE DE PERSONA

  • Nombre de persona: De Rendo, Alicia Devalle,
  • Fechas asociadas al nombre: 1942-2006

400 1# - TRAZADO DE VÉASE--NOMBRE DE PERSONA

  • Nombre de persona: Rendo, Alicia Devalle de,
  • Fechas asociadas al nombre: 1942-2006

670 ## - FUENTE DE DATOS ENCONTRADOS

  • Cita de la fuente: La formación docente, 2010:
  • Información encontrada: title page (Alicia Devalle de Rendo) front flap (b.1942, d. 2006, National normal teacher, Professor in Education Sciences (UBA), Doctor in Education and Psychology, National evaluator of teacher training in Researcher. Coordinator of Teacher Training in ZAP schools (Priority Attention Zone) of the Government of the City of Buenos Aires)